000 00599nam a22002177a 4500
003 UA-OsUOA
001 46771
007 ta
008 20070705b un ||||| |||| 00| 0 ukr d
090 _a81"82
_bИ90
942 _cBK
040 _aUA-OsUOA
_brus
_cUA-OsUOA
_dUA-OsUOA
245 _aИстория русского языка
300 _a151 с.
955 _a2
041 _arus
080 _a81"82
260 _aЛенинград
_c1982
650 7 _a8 Мовознавство. Художня література. Літературознавство
_2UDC
999 _c332876
_d332876